000 00755nab a2200241 u 4500
001 13250
003 HDC
007 cr bn ---aaaaa
008 210212c mydr|nes 0 a may d
040 _aHDC
245 0 _aPerkasa usahawan
260 _aMalaysia:
_bUtusan Malaysia,
_c2014
336 _atext
_2rdacontent
337 _acomputer
_2rdamedia
338 _aonline resource
_2rdacarrier
650 _aentrepreneur industry
_97739
650 _asmall medium enterprise
_95098
710 _aUtusan Malaysia
856 _zRequest full-text at [email protected]
942 _2lcc
942 _cNEWS
942 _kNSWC 004417
999 _c10566
_d10566